| 000 | 00465nam a22001817a 4500 | ||
|---|---|---|---|
| 003 | OSt | ||
| 005 | 20251121124738.0 | ||
| 008 | 251121b |||||||| |||| 00| 0 eng d | ||
| 020 | _a0-425-14442-9. | ||
| 040 |
_aDWCL-Main lib _cOC |
||
| 082 | _aFic. K83m 1994 | ||
| 100 | _aKoontz, Dean | ||
| 245 |
_aMr. Murder _cKoontz, Dean |
||
| 260 |
_aN. Y. : _bBerkley Books, _cc1984. |
||
| 300 |
_a481 pages ; _c17 cm. |
||
| 650 | _21. Fiction. | ||
| 942 |
_2ddc _cFIC. _kFic. _n0 |
||
| 999 |
_c5990 _d5990 |
||